Agriculture and WTO opportunity for India (Record no. 42177)
[ view plain ]
| 000 -LEADER | |
|---|---|
| fixed length control field | 00324nam a2200121Ia 4500 |
| 020 ## - INTERNATIONAL STANDARD BOOK NUMBER | |
| ISBN | 8187374233 |
| 082 ## - DEWEY DECIMAL CLASSIFICATION NUMBER | |
| Classification number | 339.52:63(540) |
| Item number | BAG;4 |
| 100 ## - MAIN ENTRY--AUTHOR NAME | |
| Personal name | Bagchi, Jayanta |
| 245 #0 - TITLE STATEMENT | |
| Title | Agriculture and WTO opportunity for India |
| 260 ## - PUBLICATION, DISTRIBUTION, ETC. (IMPRINT) | |
| Place of publication | New Delhi |
| Name of publisher | Samskriti;2003 |
| 942 ## - ADDED ENTRY ELEMENTS (KOHA) | |
| Koha item type | Books |
| Withdrawn status | Lost status | Damaged status | Not for loan | Collection code | Home library | Current library | Date acquired | Cost, normal purchase price | Full call number | Accession Number | Koha item type |
|---|---|---|---|---|---|---|---|---|---|---|---|
| Official use | RRII Library | RRII Library | 16/12/2021 | 875.00 | 339.52:63(540) BAG;4 | 22453 | Books |